Piłkarska kariera Jaapa Stama. - Statystyki

Ogólne statystyki
  • Ten quiz został rozwiązany 25 razy
  • Średni wynik to 4 z 9
Statystyki odpowiedzi
Lata Drużyna % Poprawnych
1998-2001 Manchester United
83%
2006-2007 Ajax
78%
1996-1998 PSV
70%
2004-2006 Milan
65%
2001-2004 Lazio
43%
1992-1993 Zwolle
22%
1991-1992 Kampen
13%
1995-1996 Willem II
13%
1993-1995 Cambuur-Leeuwarden
4%
Nie znaleziono quizów pasujących do podanych kryteriów
Rozkład punktacji
Procent ludzi z każdym wynikiem
Percentyl według liczby udzielonych odpowiedzi
Twoja historia wyników
Nie rozwiązałeś tego quizu